000 00801nam a2200241 i 4500
001 105460
003 ES-MaACL
005 20251111131012.0
007 t|
008 060717s1965 fr ||||1| fre d
080 _a929 Luxemburg, Rosa
100 1 _aFrölich, Paul.
_952719
245 1 0 _aRosa Luxemburg
_b: sa vie et son oeuvre /
_cPaul Frölich ; traduit de l'allemand par Jacqueline Bois.
260 _aParis :
_bFrançois Maspero,
_c1965.
300 _a390 p. ;
_c22 cm.
490 1 _aBibliothèque socialiste ;
_v8
500 _aBiblioteca Juan Andrade.
600 1 4 _aLuxemburg, Rosa,
_d1870-1919
_974894
700 1 _aBois, Jacqueline.
_929855
830 0 _aBibliothèque socialiste ;
_v8
_9185029
852 _aES-MaACL
_jAND-260
_bR.109580
999 _c105460
_d105460